Fr. Conceicao Rodrigues College of Engineering

Challenges to democracy in India (Record no. 32864)

MARC details
000 -LEADER
fixed length control field 00265nam a2200121Ia 4500
100 ## - MAIN ENTRY--PERSONAL NAME
Personal name Sasrur/Rajesh M
245 ## - TITLE STATEMENT
Title Challenges to democracy in India
260 ## - PUBLICATION, DISTRIBUTION, ETC.
Name of publisher, distributor, etc. Oxford university press
Date of publication, distribution, etc. 2009
300 ## - PHYSICAL DESCRIPTION
Extent 299
546 ## - LANGUAGE NOTE
Language note ENGLISH
942 ## - ADDED ENTRY ELEMENTS (KOHA)
Koha item type BOOK
Holdings
Withdrawn status Lost status Damaged status Not for loan Collection Home library Current library Date acquired Total Checkouts Full call number Barcode Date last seen Price effective from Koha item type
        CRC Fr. Agnel's C.Rodrigues College of Engineering Fr. Agnel's C.Rodrigues College of Engineering 17/03/2023   22087 17/03/2023   BOOK